[Event "Tata Steel-A 75th"]
[Site "Wijk aan Zee"]
[Date "2013.01.26"]
[Round "12"]
[White "Sokolov, Ivan"]
[Black "Hou, Yifan"]
[Result "0-1"]
[WhiteElo "2663"]
[BlackElo "2603"]
[Annotator "Krasenkow,M"]
[PlyCount "104"]
[EventDate "2013.01.12"]
[EventType "tourn"]
[EventRounds "13"]
[EventCountry "NED"]
[EventCategory "20"]
[SourceTitle "CBM 153"]
[Source "ChessBase"]
[SourceDate "2013.03.14"]
[SourceVersion "1"]
[SourceVersionDate "2013.03.14"]
[SourceQuality "1"]

1. d4 e6 2. c4 Nf6 3. Nf3 d5 4. Nc3 Bb4 5. Bg5 h6 6. Bh4 {A risky continuation.
} (6. Bxf6 {is normal}) 6... dxc4 7. a3 (7. e4 {, like in the Vienna Variation
(without ...h7-h6 Bg5-h4), is impossible due to} g5) (7. Qa4+ {and}) (7. e3 {
are quite comfortable for Black as well.}) {The text move has recently been
gaining popularity in the position without ...h7-h6 Bg5-h4. However, GM Ivan
Sokolov's attempt to play it here doesn't succeed.} 7... Bxc3+ 8. bxc3 c5 $146
{A simple reply apparently solving Black's problems.} (8... b5 9. a4 (9. e4 $5
g5 10. Nxg5 hxg5 11. Bxg5 Rg8 12. h4 Bb7 (12... c5 $5 {[%cal Yd8a5]}) 13. e5
Nbd7 14. exf6 c5 15. Rh3 cxd4 16. Qxd4 Qa5 17. Re3 $14 {1-0 Quinteros,M (2525)
-Pachman,L (2410)/Baden-Baden 1985/MCL (36)}) 9... c6 10. Bxf6 Qxf6 11. Ne5 a6
(11... Nd7 12. Nxc6 Nc5 $1 {[%cal Rc5e4]} 13. Qb1 $1 Nb3 14. Ra2 $14) 12. g3
Bb7 13. Bg2 Qe7 14. O-O O-O 15. f4 Re8 16. Qb1 $44 {0-1 (69) Macieja,B (2614)
-Hammer,J (2630) Achaea GRE 2012}) (8... c6 9. Nd2 (9. Qc2 b5 10. e4 Nbd7 11.
e5 g5 12. Nxg5 hxg5 13. Bxg5 Bb7 14. exf6 c5 15. Rd1 Qc7 16. h4 O-O-O $13 {
1/2 Van Wely,L (2650)-Drozdovskij,Y (2627)/Ourense 2009/EXT 2010 (57)}) 9...
Qa5 (9... b5 10. e4 $44) 10. Bxf6 gxf6 11. Qc1 b5 12. a4 Qc7 13. g3 Bb7 14. Bg2
Nd7 {1/2 Borovikov,V (2385)-Aleksandrov,A (2530)/Vejen 1993/EXT 1999 (29)} 15.
O-O $44) 9. Bxf6 {White follows the game Van Wely - Thavandiran, in which ...
h6 Bh4 were not included.} Qxf6 10. e3 Nc6 (10... O-O 11. Bxc4 b6 {[%cal Yc8b7]
may be a bit more accurate. The knight can go to c6 or d7.}) 11. Bxc4 O-O 12.
Bb5 (12. O-O {, still following Van Wely, hardly promises more after} b6) 12...
Bd7 (12... e5 $5 13. Bxc6 Qxc6 $11) 13. O-O Rfd8 $11 14. a4 Qe7 (14... Rac8 {
is simpler. Black plays a bit inconsequently but still keeps good chances.})
15. Qb1 Rab8 16. Qe4 cxd4 17. exd4 Qf6 18. Bd3 g6 19. Rfe1 Ne7 20. c4 (20. Ne5
{may be more accurate.}) 20... Nf5 21. d5 exd5 22. cxd5 Re8 23. Ne5 $2 {
[%mdl 8192]} ({After} 23. Qb4 Nd6 {it is Black who has a small advantage due
to his strong blockading knight but the text move leads to material losses.})
23... Qd6 24. f4 f6 25. Kh1 h5 $1 {Of course, the e5-knight will hardly run
away so Black needn't hurry about taking it.} 26. Qe2 Rbd8 27. Bc4 Re7 28. Qb2
Rde8 29. Nf3 {OK, it has run away but at what price!} Rxe1+ 30. Nxe1 Qxf4 $19
31. Bd3 Qe3 32. h3 Ng3+ 33. Kh2 Qf4 34. Kg1 h4 35. Qf2 Qxf2+ (35... Qe5 {
was probably even stronger as White's king is almost in a mating net.}) 36.
Kxf2 Ne4+ 37. Kg1 {It was better to get rid of Black's blockading knight. Of
course, Black should still gradually win after, say,} (37. Bxe4 $142 Rxe4 38.
Rb1 b6 39. a5 b5 40. Rc1 b4 41. d6 (41. Rc7 Bb5 42. d6 Kf8 $19) 41... Kf8 42.
Nd3 Bf5) 37... g5 $1 38. a5 Nd6 39. Nf3 Rc8 40. a6 b6 41. Re1 Kf7 42. Rf1 Ke7
43. Re1+ Kd8 44. Bh7 Rc4 45. Bg8 Ra4 46. Be6 Rxa6 47. Nh2 b5 48. Ng4 Ne8 49.
Nh6 Bxe6 50. dxe6 Ng7 51. e7+ Ke8 52. Ng8 f5 (52... f5 53. Rc1 Kf7 54. Rc8 Ne8
$19) 0-1

[Event "Moscow Tal Memorial 1st"]
[Site "Moscow"]
[Date "2006.11.07"]
[Round "2"]
[White "Mamedyarov, Shakhriyar"]
[Black "Aronian, Levon"]
[Result "1/2-1/2"]
[WhiteElo "2728"]
[BlackElo "2741"]
[Annotator "Krasenkow,M"]
[PlyCount "135"]
[EventDate "2006.11.06"]
[EventType "tourn"]
[EventRounds "9"]
[EventCountry "RUS"]
[EventCategory "20"]
[SourceTitle "CBM 116"]
[Source "ChessBase"]
[SourceDate "2007.02.01"]
[SourceVersion "1"]
[SourceVersionDate "2007.02.01"]
[SourceQuality "1"]

1. d4 Nf6 2. c4 e6 3. Nf3 d5 4. Nc3 Bb4 5. Bg5 Nbd7 6. cxd5 exd5 7. e3 {
This old reaction to the Westphalian variation is now less popular than
Kramnik's} (7. Qc2) 7... c5 8. Bd3 Qa5 9. Qc2 c4 10. Bf5 O-O 11. O-O Re8 12.
Nd2 g6 13. Bxd7 Nxd7 14. f3 Nb6 15. Bf4 {[%cal Ye3e4]} ({Surprisingly,} 15. e4
$5 {has not been tried so far although I don't see any direct refutation, e.g.}
Bxc3 (15... Bd7 {and}) (15... Bf8 {are possible, of course}) (15... dxe4 $6 16.
Ndxe4) 16. Qxc3 (16. bxc3 $6 dxe4 17. Nxe4 Rxe4 18. fxe4 Qxg5) 16... Qxc3 17.
bxc3 Na4 $6 18. Rfc1 Be6 19. Rab1) (15. Rae1) (15. Bh6) (15. h4) {After the
text move Black consequently prevents e3-e4.} 15... Bxc3 16. bxc3 Qa4 17. Qc1 (
17. Qb2 Bf5 18. Rfe1 (18. Rf2 Qa5 19. Rc1 Na4 20. Qa3 b5 21. Nf1 Bd3 22. h4 Qd8
23. g3 Qe7 24. Qxe7 Rxe7 25. Nh2 f6 $17 {0-1 Hebden,M-Greenfeld,A/Rishon Le
Ziyyon 1992/CBM 033 ext (49)}) 18... Bd3 19. e4 Qc6 20. e5 Na4 21. Qc1 b5 22.
Nf1 Bxf1 (22... a5 $5 $13) 23. Kxf1 f5 (23... b4 $5 24. cxb4 c3) 24. exf6 Qxf6
25. Be5 Qf5 $13 {1-0 Gofshtein,L-Inkiov,V/Arco 2000/EXT 2001 (34)}) (17. Qb1 $5
{[%cal Ye3e4] D.Jakovenko}) 17... Bf5 {In this system, if Black manages to
contain White's attack, his queenside pawn advantage and the weakness of
White's c3 pawn will become decisive factors.} 18. Re1 (18. Qe1 Bd3 19. Rf2 Re6
20. Nf1 f6 21. h4 Rae8 22. g4 Qa3 23. Ng3 Na4 24. Rc1 b5 $36 {1/2-1/2
Coursaget,N-Pijuan,M/Banyoles 2005/CBM 108 ext (39)}) 18... Qc6 (18... Bd3 $5 {
is probably more accurate:} 19. h4 (19. e4 $5 Qc6 20. e5 f5 {[%cal Yb6d7,Yd7f8,
Yf8e6] G.Giorgadze}) (19. Nf1 Re6 20. Ng3 Rae8) 19... Re6 20. Nf1 Qd7 21. g4 f5
(21... Na4 $5 $15 {G.Giorgadze}) 22. g5 Na4 23. Ng3 Rb6 24. Rd1 Rb2 25. Rd2 Qb5
26. Rxb2 Qxb2 27. Qxb2 Nxb2 28. a4 $13 {1/2-1/2 Kiselev,S-Giorgadze,G/Podolsk
1992/CBM 033 (60)}) 19. Nf1 Bd3 20. Ng3 Re6 (20... f6 21. h4 Re7 22. Qd2 Rae8
23. Nh1 h5 24. Nf2 Bf5 25. Re2 Nc8 26. Rae1 Nd6 27. Bxd6 Qxd6 28. e4 Bd7 29.
exd5 Rxe2 30. Rxe2 Rxe2 31. Qxe2 Qxd5 32. Qe7 Qe6 33. Qd8+ Kg7 34. Ne4 Bc6 $11
{1/2-1/2 Van der Sterren,P-Giorgadze,G/Manila 1992/TD (48)}) 21. Nh1 {As White
can't push e3-e4, he tries to oust the black bishop from d3.} f6 22. h4 Rae8
23. Nf2 Qa4 {It turns out that 18...Qc6 was a loss of time but Black has no
real problems anyway.} 24. Rd1 $6 (24. Qd2 $142 {If Black allows the capture
on d3 then White will have his queen there and not his rook.}) 24... Kg7 $1 {
[%cal Yh7h6,Yg6g5][%mdl 512] Black sacrifices a pawn to obtain a strong c4
square for his knight.} 25. Qb2 (25. Qd2 {is too late due to} h6) 25... R8e7
26. Nxd3 cxd3 27. Rxd3 Nc4 $44 {[%csl Gc4,Rd3]} 28. Qf2 Rb6 29. Qg3 Rb2 30. e4
$5 {White gives up a pawn to obtain counterplay.} dxe4 $6 {It was not
obligatory to open files for White.} (30... Rxa2 $142 $1 {[%csl Ga7]
exchanging a pair of rooks:} 31. Re1 Ra1 $15) 31. fxe4 (31. Re1 $6 e3 $1 32.
Bxe3 Kf7 $15) 31... Rxe4 32. Rf1 Qd7 (32... Qc6 33. d5 (33. h5 Ree2 34. d5 Qe8)
33... Qb6+ 34. Kh2 (34. Kh1 Rb1 35. Rdd1 $11) 34... Ree2 35. Re1 (35. d6 $143
Qc6) 35... Rxg2+ 36. Qxg2 Rxg2+ 37. Kxg2 {and White should not lose.}) 33. Rdf3
$2 (33. h5 $1 {lead to an almost forced draw:} Ree2 (33... Rxa2 $2 34. hxg6
hxg6 35. Qh2 g5 36. Rh3) (33... Qd5 $6 34. Bc1 {[%cal Yh5h6,Yg3c7]}) 34. Bh6+
$1 Kf7 (34... Kxh6 $2 35. Qf4+ Kg7 36. Qxf6+ Kh6 37. Qf4+ g5 38. Qf6+ Kxh5 39.
Rh3+ Qxh3 40. Qf7+ $18) 35. hxg6+ hxg6 36. Rxf6+ Kxf6 37. Rf3+ Ke6 38. Qxg6+
Kd5 39. Qg8+ (39. Rf5+ Ne5) 39... Ke4 $1 40. Qg6+ Kd5 $11) 33... Ree2 $1 34.
R3f2 {There is nothing better.} (34. Bh6+ $2 Kxh6 35. Qf4+ Kh5) 34... Qe7 (
34... Rxa2 $2 35. Bh6+ Kxh6 36. Qf4+ Kh5 37. Qxf6 Qg4 38. Rf5+ gxf5 39. Rxf5+
Qxf5 40. Qxf5+ Kxh4 41. Qf4+ $11 {D.Jakovenko}) 35. Rxe2 Rxe2 (35... Qxe2 $4
36. Re1) 36. a4 (36. Qd3 Qe4 $17) 36... Ne3 37. Bxe3 Rxe3 38. Rf3 Rxf3 39. Qxf3
Qe1+ 40. Kh2 Qxh4+ 41. Kg1 Qe1+ 42. Kh2 Qe7 $17 {[%mdl 4096] This endgame is
better for Black but not easy to win. He should push his kingside pawns but
the white king is on the road.} 43. c4 h5 44. c5 h4 45. Kh3 g5 46. Kg4 {
Was it better to wait passively? Hard to say.} (46. Qd5) 46... a5 47. Kh5 $6
Qe8+ 48. Kg4 Qc8+ 49. Kh5 Qe8+ 50. Kg4 Qf7 51. Qf5 Qe7 52. Qf3 Kh6 53. Qd5 Qc7
54. Kf5 Kg7 (54... Qf4+ 55. Ke6 g4 {was recommended by GM Jakovenko, but I
don't see a win after} 56. Qxb7 (56. Qd6 $143 Qe4+ $1 57. Kxf6 Qg6+ 58. Ke7 h3
59. gxh3 $140 g3 $19) 56... h3 57. gxh3 gxh3 58. Kf7 $1 Qg4 $1 (58... h2 59.
Qg2) 59. c6 Qg7+ (59... Qg2 60. Qb8 Qd5+ 61. Ke7 $1) 60. Ke6 Qg2 $1 61. Qa8 $1
Qe4+ 62. Kxf6 Qxd4+ 63. Ke6 Qe4+ 64. Kd6) 55. Kg4 Qc8+ 56. Kf3 h3 {This pawn
exchange is probably premature.} (56... Kg6 $5 57. Ke2 Qe8+ 58. Kf2 Qf7 $17)
57. gxh3 Qxh3+ 58. Kf2 Qh2+ 59. Kf1 Qf4+ 60. Kg2 Qd2+ 61. Kg3 Qe3+ 62. Kg2 Qe2+
63. Kg3 Qe7 64. Kg4 Qc7 65. Qe4 Kf8 66. Qf5 Qc6 67. d5 $1 Qxc5 (67... Qxa4+ $6
68. Kh5 Qe8+ 69. Kh6) 68. Qxf6+ 1/2-1/2

[Event "Gashimov Memorial 3rd"]
[Site "Shamkir"]
[Date "2016.06.03"]
[Round "8"]
[White "Giri, Anish"]
[Black "Hou, Yifan"]
[Result "1/2-1/2"]
[WhiteElo "2790"]
[BlackElo "2663"]
[Annotator "Krasenkow,M"]
[PlyCount "206"]
[EventDate "2016.05.26"]
[EventType "tourn"]
[EventRounds "9"]
[EventCountry "AZE"]
[EventCategory "20"]
[SourceTitle "CBM 173"]
[Source "ChessBase"]
[SourceDate "2016.07.12"]
[SourceVersion "1"]
[SourceVersionDate "2016.07.12"]
[SourceQuality "1"]

1. d4 Nf6 2. c4 e6 3. Nf3 d5 4. Nc3 Bb4 5. Bg5 h6 6. Bxf6 Qxf6 7. Qb3 {This
old reply to the Ragozin Defence has recently gained popularity.} c5 8. cxd5
exd5 9. a3 Bxc3+ (9... cxd4 10. axb4 dxc3 11. Qxc3 Qxc3+ 12. bxc3 Be6 13. e3
Ke7 14. Nd4 Nd7 15. Kd2 a6 16. Bd3 Rac8 17. Ra5 Rc7 18. Rb1 $14 {1/2 (32)
Bacrot,E (2714)-Moiseenko,A (2699) Biel 2013}) 10. Qxc3 Nd7 (10... c4 11. b3
Be6 12. bxc4 dxc4 13. e4 $14) (10... b6 11. e3 O-O 12. dxc5 Qxc3+ 13. bxc3 bxc5
14. O-O-O Be6 15. c4 dxc4 16. Ne5 c3 17. Kc2 Rc8 18. Rd6 Kf8 19. Be2 a6 20.
Rhd1 $16 {1/2 (45) Kasimdzhanov,R (2681)-Vitiugov,N (2709) Moscow 2011}) 11. g3
{Fianchetto is the most ambitious way of developing White's bishop in this
structure; however, Black has enough counterplay in any case.} (11. Qe3+ Qe7
12. Qxe7+ Kxe7 13. dxc5 Nxc5 {is not too promising for White as he can't
establish firm control of the d4-square due to his poor development. A recent
example:} 14. Rc1 Kd6 15. Nd4 Bd7 16. f3 Rac8 17. Kd2 Ne6 18. Rxc8 Rxc8 19.
Nxe6 fxe6 20. e3 e5 $11 {1/2 (30) Nakamura,H (2764)-Radjabov,T (2726) Tashkent
2014}) (11. e3 {is the most popular continuation but recently Black has been
doing well in this line, e.g.} O-O 12. Be2 b6 13. O-O Bb7 14. Rac1 c4 15. Nd2
b5 16. Bf3 Qe7 17. Qa5 Bc6 18. b3 Qd6 19. bxc4 bxc4 20. Nb1 Rab8 21. Nc3 Rb3
22. Nxd5 Rxa3 23. Qc7 Qxc7 24. Nxc7 Bxf3 25. gxf3 Nb6 26. Nb5 Rb3 27. Nxa7 c3
$44 {1/2 (61) Shirov,A (2691)-Giri,A (2768) Hoogeveen 2014}) 11... O-O 12. Bg2
Re8 (12... b6 $5 13. O-O Bb7 (13... Ba6 14. Rfe1 Rac8 15. Bh3 Rc7 16. Rac1 Rd8
17. Qe3 c4 18. Bg2 b5 19. Qc3 Qb6 $132 {0-1 (48) Garcia Ilundain,D (2500)
-Mitkov,N (2475) Pula 1997}) 14. Rac1 Rfd8 15. Rfd1 Qe6 16. e3 c4 17. b3 b5 18.
a4 a6 19. Nd2 {1/2 (19) Herraiz Hidalgo,H (2415)-Kolev,A (2582) Mallorca 2000})
13. e3 (13. O-O {is possible but White's compensation for the pawn will only
be enough to maintain the balance:} Rxe2 14. Rae1 (14. Rfe1 Re6 15. Bh3 cxd4
16. Nxd4 Re4 17. Rxe4 dxe4 18. Bf5 Qe5 19. Re1 Nc5 20. Bxc8 Rxc8 21. b4 Rd8 22.
Nb5 Qxc3 23. Nxc3 Rd3 $11 {0-1 (54) Ulko,J (2325)-Gorelov,S (2485) Moscow 1996}
) 14... Re6 15. Bh3 Re4 16. Nd2 Rxe1 17. Rxe1 Qd8 18. dxc5 Nxc5 19. Bg2 Na4 20.
Qb4 Nb6 21. Nb3 $44 {1/2 (78) Vaganian,R (2662)-Aleksandrov,A (2645) Moscow
2002}) 13... b6 14. O-O Bb7 15. Rfc1 (15. Rfd1 Rac8 16. Ne1 Nf8 17. Qb3 cxd4
18. exd4 Ne6 19. Nf3 Rc4 20. Qe3 Rc2 21. Rd2 Rec8 22. h4 Qf5 $11 {1-0 (33)
Browne,W (2484)-Baginskaite,C (2360) Seattle 2003}) 15... a5 {Black agrees to
obtain an isolated central pawn and exchange queens. Not the best idea as this
pawn has more dynamic possibilities in the middlegame, and now it will just
restrict Black's b7-bishop.} (15... c4 {is not enough for equality either:} 16.
b3 (16. Nd2 Bc6 17. b3 b5 18. a4 a6 19. bxc4 bxc4 20. Qa5 Qd6 21. Nb1 Nf6 22.
Nc3 Rab8 23. Rcb1 Ba8 24. Bf3 g6 25. Rxb8 Rxb8 26. Rb1 Rxb1+ 27. Nxb1 Kg7 28.
Nc3 Qa3 29. Kg2 Bb7 30. h4 h5 {1/2 (30) Sakaev,K (2619)-Lastin,A (2643) Moscow
2009}) 16... b5 17. Nd2 Rab8 18. a4 a6 19. axb5 axb5 20. Qb4 Qb6 21. Ra5 Bc6
22. Rca1 Ra8 23. Nb1 Rxa5 24. Rxa5 cxb3 25. Ra3 b2 26. Rb3 Ra8 27. Rxb2 $14 {
1/2 (46) Renman,N (2405)-Wiedenkeller,M (2385) Karlskrona 1983}) (15... Qe7 {
, avoiding the queen exchange, looks more appropriate:} 16. dxc5 bxc5 17. b4 c4
{This passed pawn gives Black counterplay, e.g.} 18. Rd1 Nf6 19. Qd4 a5 20. b5
a4 21. Nd2 Rad8 22. Nb1 Ne4 23. Nc3 Nxc3 (23... Nc5 $2 24. Nxd5 Bxd5 25. Bxd5
Nb3 26. Qxc4 Nxa1 27. Rxa1 $16 {Komljenovic,D (2409)-Peralta,F (2612)
Navalmoral 2012}) 24. Qxc3 d4 $1 25. exd4 Bxg2 26. Kxg2 Qb7+ $11) 16. dxc5 Qxc3
17. Rxc3 Nxc5 (17... bxc5 {loses a pawn after} 18. Bh3) 18. Rac1 Kf8 19. Nd4
Rad8 20. Bf1 Re7 21. Bb5 $14 {White starts torturing his opponent; however,
the Women's World Champion defends well.} g6 {[%mdl 256]} 22. b4 axb4 23. axb4
Ne4 24. Rc7 Nd6 25. Rxe7 Kxe7 26. Rc7+ Kf8 27. Bd3 Rb8 28. g4 Ke8 29. Bb5+ Kf8
30. Bd7 Bc8 31. h3 Bxd7 32. Rxd7 Ne4 33. Nc6 Ra8 {Black gives up the f7-pawn
but activates her rook.} 34. Ne5 Ra1+ 35. Kg2 Ra2 36. Rxf7+ Kg8 37. h4 Rb2 38.
Rf4 Kg7 39. Nc6 b5 40. Nd8 (40. h5 $1 g5 41. Rf5 {was more promising although
after} Nc3 {Black's defences remained solid.}) 40... Rxb4 41. Ne6+ Kg8 42. Rf8+
(42. Nc7 g5 43. Nxd5 (43. hxg5 hxg5 44. Rf5 Rb2 45. Nxd5 Kg7) 43... gxf4 44.
Nxb4 fxe3 45. fxe3 h5 $1 {- this endgame is hardly winning for White.}) 42...
Kh7 43. Rf7+ Kh8 44. Rf8+ Kh7 45. Rf7+ Kh8 46. f3 Rb2+ 47. Kh3 Re2 $5 {An
interesting concept. Black sacrifices a piece but it will be difficult for
White to keep his pawns.} 48. Rf8+ Kh7 49. Rf7+ Kh8 50. Rf8+ Kh7 51. fxe4 Rxe3+
52. Kh2 Rxe4 53. Rf7+ Kh8 54. Rf8+ Kh7 55. Rf7+ Kh8 56. Nc7 Kg8 57. Rd7 Rxg4
58. Kh3 Rc4 59. Nxd5 Kf8 60. Nf6 Rc6 61. Ng4 Rb6 62. Nxh6 b4 {[%csl Gb4]} 63.
Rf7+ Ke8 64. Rf2 b3 65. Rb2 Ke7 {White can't make progress without giving up
his last pawn.} 66. Ng4 Ke6 67. Re2+ Kf7 68. Rb2 Ke6 69. Kg3 Rb5 70. Nf2 Kf6
71. Ne4+ Kg7 72. Ng5 Kh6 73. Nf3 Rb4 74. Kf2 Kh5 75. Ke3 Rb8 76. Ke4 Rb4+ 77.
Kd5 Kg4 78. Ne5+ Kh5 (78... Kxh4 {was quite possible, of course.}) 79. Nf3 Kg4
80. Kc5 Rb8 81. Ne5+ Kh5 82. Nc6 Rb7 83. Na5 Rb8 84. Nc6 Rb7 85. Ne5 Rb8 86.
Kc4 Rc8+ 87. Kd4 Rb8 88. Kc3 Rb5 89. Nf3 Rb8 90. Nd4 Kxh4 91. Nxb3 g5 92. Rh2+
Kg3 93. Rh7 g4 94. Nd2 Rg8 95. Kd3 Kg2 96. Nc4 Rf8 97. Nd2 g3 98. Rg7 Ra8 99.
Ke3 Ra3+ 100. Kf4 Kg1 101. Nc4 g2 102. Nxa3 Kf2 103. Rxg2+ Kxg2 1/2-1/2

[Event "EU-ch 17th"]
[Site "Gjakova"]
[Date "2016.05.20"]
[Round "8"]
[White "Dubov, Daniil"]
[Black "Brkic, Ante"]
[Result "1-0"]
[WhiteElo "2644"]
[BlackElo "2584"]
[Annotator "Krasenkow,M"]
[PlyCount "51"]
[EventDate "2016.05.12"]
[EventType "swiss"]
[EventRounds "11"]
[EventCountry "KOS"]
[SourceTitle "CBM 173"]
[Source "ChessBase"]
[SourceDate "2016.07.12"]
[SourceVersion "1"]
[SourceVersionDate "2016.07.12"]
[SourceQuality "1"]

1. d4 Nf6 2. c4 e6 3. Nf3 d5 4. Bg5 Bb4+ 5. Nc3 h6 6. Bh4 g5 $6 (6... dxc4 {
is the principled line. Comparing to the Vienna Variation, the inclusion of ...
h7-h6 Bg5-h4 is obviously favorable for Black, who can play ...g7-g5 at any
moment - but not now!}) 7. Bg3 Ne4 (7... dxc4 8. e3 b5 9. a4 {etc. is now
favourable for White.}) 8. Qc2 h5 9. h3 (9. h4 {, allowing ...g5-g4, is less
strong, e.g.} Nxg3 10. fxg3 g4 11. Ne5 c6 12. e4 Nd7 13. exd5 Nxe5 14. dxe5 Qa5
15. Bd3 Bxc3+ 16. bxc3 Qc5 17. Qd2 exd5 18. cxd5 Qxd5 19. O-O Be6 $11 {1/2 (21)
Naumkin,I (2440)-Kovacevic,V (2515) Belgrade 1988}) 9... Bxc3+ (9... Nxg3 10.
fxg3 Bd6 11. O-O-O $1 Bxg3 12. e4 dxe4 13. Nxe4 Bf4+ 14. Kb1 $36 {[%csl Re8]
1-0 (33) Hole,O (2400)-Forsaa,E (2264) Hamar 2007}) 10. bxc3 Nxg3 11. fxg3 Nc6
(11... Qd6 12. Kf2 $5) 12. e4 {[%mdl 128] White opens up the game and obtains
a clear space and development advantage despite losing the right to castle.}
dxe4 13. Qxe4 Qd6 14. Kf2 Bd7 {Black prepares long castling but his king will
not be safe on the queenside.} (14... h4 $5 {may be the lesser evil.} 15. gxh4
gxh4 16. Nxh4 $2 {doesn't work as White loses a piece after} f5 $1 17. Nxf5 Rf8
18. Re1 Ne7) 15. c5 ({White ignores the g5-pawn, which actually covers his
king!} 15. Nxg5 O-O-O $5 $44) 15... Qe7 16. Rb1 O-O-O (16... f5 17. Qc2 b6 18.
Bb5 $16) 17. Ne5 f5 (17... Qe8 {is ugly but that was the only way to continue
resistance. It was not easy for White to find the strongest reply} 18. a4 $3 {
with the idea of 19.Ba6! bxa6 20.Qe2 Nb8 21.Qb2 Bb5 22.axb5.}) 18. Qf3 $6 (18.
Ba6 $1 {was possible at once.}) 18... g4 $6 (18... Qe8 {was more stubborn as
White must find} 19. a4 $3) 19. Ba6 $1 {[%mdl 64] This nice blow ends the game.
} gxf3 (19... bxa6 20. Qe2 Nb8 (20... Nb4 21. Rxb4 Bb5 22. Rxb5 axb5 23. Qxb5
$18) 21. Rxb8+ $1 Kxb8 22. Qxa6 Ka8 23. Rb1 Rb8 24. Nc6 $18) 20. Bxb7+ Kb8 21.
Bxc6+ Kc8 22. Bb7+ Kb8 23. Bxf3+ Kc8 24. Bb7+ Kb8 25. Bc6+ (25. Bd5+ $5 Kc8 26.
Bc4 Bb5 27. Bxb5 $18) 25... Kc8 26. Rb2 {[%cal Rh1b1]} (26. Rb2 Rdf8 27. Bxd7+
(27. Re1 $5) 27... Qxd7 28. Rhb1 Kd8 29. Nxd7 Kxd7 30. Kf3 $18) 1-0